Colors of the Rainbow Europe- Intense - Statistics

General Stats
  • This quiz has been taken 16 times
  • The average score is 52 of 294
Answer Stats
Colors Answer % Correct
Danish | English | French | +3 others Orange
100%
Welsh Oren
100%
Albanian | Italian | Maltese Blu
92%
English Purple
92%
Frisian Read
92%
English Red
92%
English Blue
85%
English Green
85%
Bosnian | English | Latin | Serbian Pink
85%
English Yellow
85%
French | Romanian Violet
77%
Greek Ble
69%
French Bleu
69%
French Rose
69%
Catalan Verd
69%
Corsican | Galician | Italian | +3 others Verde
69%
Catalan | Corsician | Galician | +5 others Rosa
62%
German Rot
62%
French Rouge
62%
German Grun
54%
Danish | Norwegian | Swedish Rod
54%
French Vert
54%
Danish | Norwegian | Swedish Bla
46%
French Jaune
46%
Dutch | Frisian Oranje
46%
Spanish Rojo
46%
Greek | Romanian Roz
38%
Maltese Ahmar
31%
Spanish Amarillo
31%
Galician | Portuguese | Spanish Azul
31%
Catalan | Frisian | German Blau
31%
Danish | Swedish Gron
31%
Danish | Estonian | Norwegian Lilla
31%
Spanish Naranja
31%
Italian Rosso
31%
German Gelb
23%
Norwegian | Swedish Gul
23%
Hungarian | Swedish Lila
23%
Dutch Rood
23%
Italian Viola
23%
German Violett
23%
Dutch Blauw
15%
Dutch Geel
15%
Finnish Keltainen
15%
Turkish Mavi
15%
Turkish Mor
15%
Finnish Oranssi
15%
Dutch Paars
15%
Finnish Punainen
15%
Estonian Punane
15%
Albanian | Dutch | Frisian Roze
15%
Bulgarian Sin
15%
Estonian Sinine
15%
Finnish Sininen
15%
Finnish Vaaleanpunainen
15%
Finnish Vihrea
15%
Finnish Violetti
15%
Galician | Portuguese Amarelo
8%
Italian Arancia
8%
Polish Czerwony
8%
Romanian Galben
8%
Italian Giallo
8%
Frisian Giel
8%
Dutch Groente
8%
Norwegian Gronn
8%
Hungarian Kek
8%
Turkish Kirmizi
8%
Basque | Portuguese Laranja
8%
Danish Lyserod
8%
Galician | Spanish Morado
8%
Hungarian Narancssarga
8%
Polish Niebieski
8%
Hungarian Piros
8%
Polish Pomaranczowy
8%
Corsican | Latin Purpura
8%
Portuguese Roxo
8%
Polish Rozowy
8%
Hungarian Rozsaszin
8%
Hungarian Sarga
8%
Turkish Sari
8%
Turkish Turuncu
8%
Portuguese Vermelho
8%
Turkish Yesil
8%
Polish Zielony
8%
Hungarian Zold
8%
Polish Zolty
8%
Maltese Ahdar
0%
Romanian Albastru
0%
Russian Apelsin
0%
Latvian Apelsins
0%
Icelandic Appelsinugult
0%
Corsican Aranciu
0%
Belorussian Aranzavy
0%
Basque Arrosa
0%
Irish Bandearg
0%
Basque Berdea
0%
Belorussian Blakitny
0%
Icelandic Blar
0%
Icelandic Bleikur
0%
Irish Bui
0%
Scottish Gaelic Buidhe
0%
Latin Caeruleum
0%
Slovak Cervena
0%
Czech Cervene
0%
Bulgarian Cherven
0%
Ukrainian Chervonyy
0%
Welsh Coch
0%
Irish Corcra
0%
Bosnian | Croatian | Serbian Crvena
0%
Macedonian Crveno
0%
Belorussian Cyrvony
0%
Irish | Scottish Gaelic Dearg
0%
Latvian Dzeltens
0%
Albanian Ekuqe
0%
Albanian Everdhe
0%
Slovak Fialova
0%
Belorussian Fijalietavy
0%
Russian | Ukrainian Fioletovyy
0%
Icelandic Fjolublatt
0%
Latin Flavus
0%
Lithuanian Geltona
0%
Corsican Ghjallu
0%
Irish | Welsh Glas
0%
Irish | Scottish Gaelic Gorm
0%
Basque Gorria
0%
Icelandic Graenn
0%
Frisian Grien
0%
Catalan Groc
0%
Icelandic Gulur
0%
Welsh Gwyrdd
0%
Basque Horia
0%
Maltese Isfar
0%
Albanian Jeshile
0%
Greek Kitrinos
0%
Estonian Kollane
0%
Russian Krasnyy
0%
Galician Laranxa
0%
Bulgarian Lilavo
0%
Bosnian | Croatian | Serbian Ljubicasta
0%
Welsh Melyn
0%
Lithuanian Melyna
0%
Slovak | Slovenian Modra
0%
Czech Modry
0%
Basque Morea
0%
Greek Mov
0%
Czech Nachovy
0%
Croatian Naranca
0%
Bosnian | Serbian Narandzasta
0%
Scottish Gaelic Orains
0%
Irish Oraiste
0%
Maltese Orangjo
0%
Norwegian Oransje
0%
Estonian Oranz
0%
Bulgarian Oranzhevo
0%
Lithuanian Oranzine
0%
Slovenian Oranzna
0%
Slovak Oranzova
0%
Czech Oranzovy
0%
Frisian Pears
0%
Turkish Pembre
0%
Scottish Gaelic | Welsh Pinc
0%
Bosnian | Croatian Plava
0%
Serbian Plavi
0%
Ukrainian Pomeranchevyy
0%
Welsh Porffor
0%
Catalan Porpra
0%
Romanian Portocale
0%
Greek Portokali
0%
Albanian Portokalli
0%
Macedonian Portokalova
0%
Greek Prasinos
0%
Scottish Gaelic Purpaidh
0%
Polish Purpurowy
0%
Danish Rabe
0%
Lithuanian Raudona
0%
Icelandic Raudur
0%
Slovenian Rdeca
0%
Estonian Roheline
0%
Estonian Roosa
0%
Spanish Rosado
0%
Corsican Rossu
0%
Romanian Rosu
0%
Latvian | Maltese | Slovenian Roza
0%
Ukrainian Rozhevyy
0%
Lithuanian Rozinis
0%
Macedonian Rozova
0%
Bulgarian Rozovo
0%
Russian Rozovyy
0%
Latin Rubrum
0%
Slovenian Rumena
0%
Croatian Ruzicasta
0%
Slovak Ruzova
0%
Belorussian | Czech Ruzovy
0%
Latvian Sarkans
0%
Macedonian Sina
0%
Russian Siniy
0%
Ukrainian Syniy
0%
Catalan Taronja
0%
Greek Tokokkino
0%
Corsican Turchinu
0%
Scottish Gaelic Uaine
0%
Basque Urdina
0%
Catalan Vermell
0%
Galician Vermello
0%
Slovenian Vijolicna
0%
Lithuanian Violetine
0%
Macedonian Violetova
0%
Latvian Violets
0%
Latin Viridis
0%
Maltese Vjola
0%
Albanian Vjollce
0%
Lithuanian Zalias
0%
Latvian Zals
0%
Bosnian | Croatian | Czech | +4 others Zelena
0%
Bulgarian Zeleno
0%
Russian | Ukrainian Zelenyy
0%
Russian Zheltyy
0%
Ukrainian Zhovtyy
0%
Bulgarian Zhulto
0%
Belorussian Zialiony
0%
Latvian Zils
0%
Slovak Zlta
0%
Czech Zluta
0%
Macedonian Zolta
0%
Belorussian Zouty
0%
Bosnian | Serbian Zuta
0%
Croatian Zuta Boja
0%
No matching quizzes found
Score Distribution
Percent of People with Each Score
Percentile by Number Answered
Your Score History
You have not taken this quiz